000 01263cam a2200337 a 4500
999 _c354
_d354
001 4468772
003 GZU
005 20200721111814.0
008 951124s1995 mw b f000 0 eng
010 _a 95981953
020 _a0869226150
040 _aDLC
_cDLC
042 _alcode
043 _af-mw---
050 0 0 _aBR1446.2
_b.ROS 1995
245 0 0 _aGospel ferment in Malawi :
_btheological essays /
_cedited by Kenneth R. Ross ; foreword by Ambrose Moyo.
260 _aGweru, Zimbabwe :
_bMambo Press ;
_aZomba, Malawi :
_bUniversity of Malawi, Dept. of Theology & Religious Studies,
_c1995.
300 _a151 p. ;
_c21 cm.
490 1 _aKachere books ;
_vno. 2
500 _aIncludes bibliographical references.
504 _aIncludes bibliographical references.
650 0 _aMissions
_zMalawi
_xHistory.
651 0 _aMalawi
_xChurch history
_y20th century.
651 0 _aMalawi
_xReligious life and customs.
700 1 _aRoss, Kenneth R.
_eeditor
710 2 _aChancellor College.
_bDepartment of Theology and Religious Studies.
830 0 _aKachere series ;
_vno. 2.
906 _a7
_bcbc
_corigode
_d3
_encip
_f19
_gy-gencatlg
942 _2lcc
_cBK
_h1446.2
_iROS
_kBR